[Event "USA-ch"]
[Site "Durango CO, USA"]
[Date "1992.??.??"]
[Round "6"]
[White "Shirazi, Kamran"]
[Black "Ivanov, Igor"]
[Result "0-1"]
[WhiteElo "2450"]
[BlackElo "2510"]
[EventDate "1992.12.??"]
[PlyCount "138"]

1.e4 e5 2.Nf3 Nc6 3.Bb5 a6 4.Ba4 Nf6 5.Nc3 b5 6.Bb3 Be7 7.d3 d6 8.a4 b4 9.
Nd5 Na5 10.Nxb4 Rb8 11.Bd2 c5 12.Na2 Nxb3 13.cxb3 Be6 14.Nc1 Nd7 15.Bc3 
O-O 16.Nd2 f5 17.Nc4 Qe8 18.Ne2 Qg6 19.O-O f4 20.f3 Bh3 21.Rf2 Bh4 22.Qf1 
Nb6 23.Kh1 Bxf2 24.Qxf2 Bd7 25.Nxb6 Rxb6 26.b4 Qh5 27.bxc5 dxc5 28.Qxc5 
Rh6 29.Qg1 Rg6 30.Qf2 Rh6 31.Qg1 Rg6 32.Qf1 Rh6 33.h3 g5 34.Ng1 g4 35.fxg4
Bxg4 36.Qf2 f3 37.Kh2 fxg2 38.Qg3 Rg6 39.Ra3 Rf4 40.Rb3 Bc8 41.Qe3 Bxh3 
42.Qxh3 Rh4 43.Rb8+ Kg7 44.Rb7+ Kh8 45.Rb8+ Rg8 46.Rxg8+ Kxg8 47.Qxh4 
Qxh4+ 48.Kxg2 Qd8 49.Nh3 Qxd3 50.Nf2 Qd6 51.Ng4 Qc6 52.Kf3 Qxa4 53.Nxe5 
Qd1+ 54.Kf4 Qc1+ 55.Kf5 Qf1+ 56.Kg5 Qg2+ 57.Kf4 h5 58.Nf3 Qg4+ 59.Ke3 h4 
60.b4 h3 61.Be5 Kf7 62.Bf4 Ke7 63.Be5 Qg8 64.Kf4 Qc4 65.Kf5 Qf1 66.Kg4 Qe2
67.Bf4 Qxe4 68.Kg3 Qd3 69.Kf2 Kf6 0-1

[Event "USA-ch"]
[Site "Durango CO, USA"]
[Date "1992.??.??"]
[Round "6"]
[White "Wolff, Patrick"]
[Black "Rachels, Stuart"]
[Result "1-0"]
[WhiteElo "2590"]
[BlackElo "2485"]
[EventDate "1992.12.??"]
[PlyCount "91"]

1.d4 d5 2.c4 dxc4 3.e3 Nf6 4.Bxc4 e6 5.Nf3 c5 6.Qe2 a6 7.dxc5 Bxc5 8.O-O 
Nc6 9.e4 Qc7 10.e5 Nd7 11.Bf4 Nd4 12.Nxd4 Bxd4 13.Rd1 Bxb2 14.Qxb2 Qxc4 
15.Rd4 Qb5 16.Qd2 O-O 17.Na3 Qc5 18.Nc4 f6 19.Rc1 Qe7 20.exf6 Qxf6 21.Bg5 
Qg6 22.Rxd7 Bxd7 23.Ne5 Qf5 24.Nxd7 Rfc8 25.Nb6 Rxc1+ 26.Qxc1 Rf8 27.Be3 
e5 28.h3 Qe6 29.a4 h6 30.Qc5 Re8 31.Nd5 Rd8 32.Nc7 Qd6 33.Qc4+ Kh8 34.Ne6 
Re8 35.Nc5 Rc8 36.a5 Rc7 37.Kh2 Qc6 38.Qd3 Rc8 39.Qf5 Re8 40.Qf7 Rb8 41.
Nd7 Rc8 42.Nxe5 Qc7 43.Qe6 Rf8 44.g3 Rf6 45.Qe8+ Kh7 46.Nd7 1-0

[Event "USA-ch"]
[Site "Durango CO, USA"]
[Date "1992.??.??"]
[Round "6"]
[White "Yermolinsky, Alexander"]
[Black "Gulko, Boris"]
[Result "1/2-1/2"]
[WhiteElo "2615"]
[BlackElo "2610"]
[EventDate "1992.12.??"]
[PlyCount "33"]

1.d4 d5 2.c4 c6 3.Nc3 Nf6 4.e3 g6 5.Nf3 Bg7 6.Bd3 O-O 7.h3 c5 8.O-O cxd4 
9.exd4 Nc6 10.Re1 Nb4 11.Bf1 Bf5 12.g4 Be6 13.Ng5 Bc8 14.a3 Nc6 15.Be3 h6 
16.Nf3 Be6 17.Qd2 1/2-1/2

[Event "USA-ch"]
[Site "Durango CO, USA"]
[Date "1992.??.??"]
[Round "7"]
[White "Benjamin, Joel"]
[Black "Yermolinsky, Alexander"]
[Result "1/2-1/2"]
[WhiteElo "2570"]
[BlackElo "2615"]
[EventDate "1992.12.??"]
[PlyCount "96"]

1.e4 c5 2.Nf3 e6 3.c3 d5 4.e5 d4 5.Bd3 Ne7 6.O-O Ng6 7.Be4 Nd7 8.Qa4 Be7 
9.cxd4 O-O 10.Nc3 cxd4 11.Bxg6 dxc3 12.Bb1 cxb2 13.Bxb2 Re8 14.Qe4 Nf8 15.
Bd4 Qc7 16.Be3 Bd7 17.d4 Bc6 18.Qg4 Bd5 19.h4 Bxf3 20.Qxf3 Bxh4 21.Be4 
Rab8 22.Rfc1 Qe7 23.g3 Bg5 24.Bxg5 Qxg5 25.Bxb7 Red8 26.Rc7 Rd7 27.Rxd7 
Nxd7 28.Rd1 g6 29.Kg2 Kg7 30.a4 h5 31.a5 h4 32.a6 Rd8 33.Qf4 Qxf4 34.gxf4 
g5 35.Kf3 gxf4 36.Kxf4 Nb6 37.Ke4 Rh8 38.Rg1+ Kf8 39.d5 exd5+ 40.Bxd5 Nxd5
41.Kxd5 Rh6 42.Rh1 h3 43.f4 f6 44.exf6 Kf7 45.Ke5 Rh5+ 46.Ke4 Kxf6 47.Kf3 
Kf5 48.Kg3 h2 1/2-1/2

[Event "USA-ch"]
[Site "Durango CO, USA"]
[Date "1992.??.??"]
[Round "7"]
[White "Browne, Walter Shawn"]
[Black "Sherzer, Alex"]
[Result "0-1"]
[WhiteElo "2515"]
[BlackElo "2460"]
[EventDate "1992.12.??"]
[PlyCount "118"]

1.d4 Nf6 2.c4 g6 3.Nc3 Bg7 4.e4 d6 5.Nf3 O-O 6.Be2 e5 7.O-O Nc6 8.d5 Ne7 
9.Nd2 a5 10.a3 Nd7 11.Rb1 f5 12.b4 Kh8 13.f3 Ng8 14.Qc2 Ndf6 15.c5 axb4 
16.axb4 Nh5 17.Nc4 Nf4 18.Be3 Nf6 19.b5 fxe4 20.fxe4 Bg4 21.Bxf4 exf4 22.
Rxf4 Bxe2 23.Nxe2 dxc5 24.b6 Nd7 25.Rxf8+ Nxf8 26.e5 cxb6 27.Nxb6 Ra6 28.
Qxc5 Bxe5 29.Nc4 Bg7 30.Rf1 Ra2 31.Ne5 Qe8 32.Nc1 Ra1 33.Ncd3 Nd7 34.Nxd7 
Rxf1+ 35.Kxf1 Qxd7 36.d6 Kg8 37.Qc7 Qf5+ 38.Nf2 Qb5+ 39.Ke1 Bf8 40.d7 Bb4+
41.Kd1 Qf1+ 42.Kc2 Qxf2+ 43.Kb3 Be7 44.d8=Q+ Bxd8 45.Qxd8+ Kg7 46.g3 h5 
47.Ka4 Qc2+ 48.Kb4 Qe4+ 49.Ka5 Kf7 50.Qd7+ Kf6 51.Qd8+ Kf5 52.Qd7+ Qe6 53.
Qd1 Qa6+ 54.Kb4 Qb6+ 55.Ka4 Qc6+ 56.Kb4 Qe4+ 57.Kc5 Qc6+ 58.Kb4 b6 59.Qe2 
Qe4+ 0-1

[Event "USA-ch"]
[Site "Durango CO, USA"]
[Date "1992.??.??"]
[Round "7"]
[White "Gulko, Boris"]
[Black "Gurevich, Dmitry"]
[Result "0-1"]
[WhiteElo "2610"]
[BlackElo "2490"]
[EventDate "1992.12.??"]
[PlyCount "93"]

1.d4 Nf6 2.c4 c5 3.d5 b5 4.Nf3 b4 5.a3 a5 6.axb4 cxb4 7.g3 g6 8.Bg2 Bg7 9.
O-O d6 10.Nd4 O-O 11.h3 Bd7 12.Be3 Na6 13.Nd2 Qc7 14.Qc2 a4 15.Rxa4 Bxa4 
16.Qxa4 Nd7 17.Rb1 Rfc8 18.Qc2 Qb7 19.Nc6 Ne5 20.Nb3 Nb8 21.Nxe5 Bxe5 22.
c5 Qb5 23.c6 Na6 24.f4 Bg7 25.Bf2 e6 26.e4 exd5 27.exd5 Nc7 28.Rd1 Ra2 29.
Bd4 Bxd4+ 30.Nxd4 Qb6 31.Kh2 Re8 32.h4 Ra5 33.Qb3 Qc5 34.Qd3 Ra2 35.Qb3 
Raa8 36.h5 Re7 37.hxg6 hxg6 38.f5 Rae8 39.Qf3 Re5 40.fxg6 fxg6 41.Qf6 Rh5+
42.Kg1 Rh7 43.Be4 Rf7 44.Qxg6+ Rg7 45.Qf5 Nb5 46.c7 Nxd4 47.c8=Q 0-1

[Event "USA-ch"]
[Site "Durango CO, USA"]
[Date "1992.??.??"]
[Round "7"]
[White "Gurevich, Ilya"]
[Black "Wolff, Patrick"]
[Result "1-0"]
[WhiteElo "2510"]
[BlackElo "2590"]
[EventDate "1992.12.??"]
[PlyCount "69"]

1.e4 c5 2.Nf3 d6 3.d4 cxd4 4.Nxd4 Nf6 5.Nc3 Nc6 6.Bg5 e6 7.Qd2 a6 8.O-O-O 
h6 9.Bf4 Bd7 10.Nxc6 Bxc6 11.f3 d5 12.Qe1 Bb4 13.a3 Ba5 14.Bd2 Rc8 15.Kb1 
dxe4 16.Bxh6 Nd7 17.Bxg7 Rg8 18.Bd4 exf3 19.Qf2 fxg2 20.Rg1 Qg5 21.Bd3 
Bxc3 22.Bxc3 Nc5 23.Bh7 Ne4 24.Qd4 Nxc3+ 25.Qxc3 Qg7 26.Bxg8 Qxc3 27.bxc3 
Ke7 28.Bh7 f5 29.Rd4 Kf6 30.Rh4 Kg5 31.Rc4 Rh8 32.Rxc6 bxc6 33.Rxg2+ Kh6 
34.Bg8 e5 35.Rg3 1-0

[Event "USA-ch"]
[Site "Durango CO, USA"]
[Date "1992.??.??"]
[Round "7"]
[White "Rachels, Stuart"]
[Black "Shirazi, Kamran"]
[Result "1-0"]
[WhiteElo "2485"]
[BlackElo "2450"]
[EventDate "1992.12.??"]
[PlyCount "77"]

1.e4 c5 2.Nf3 Nc6 3.d4 cxd4 4.Nxd4 Nf6 5.Nc3 d6 6.Bg5 e6 7.Qd2 a6 8.O-O-O 
Bd7 9.f4 Be7 10.Nf3 b5 11.e5 b4 12.exf6 bxc3 13.Qxc3 gxf6 14.Bh4 d5 15.Kb1
Rc8 16.Nd4 Ne5 17.Qg3 Ng6 18.f5 Nxh4 19.fxe6 fxe6 20.Qxh4 O-O 21.Qg4+ Kf7 
22.Bd3 f5 23.Qh5+ Kg7 24.g4 Qe8 25.Qh3 Bf6 26.gxf5 e5 27.Ne6+ Bxe6 28.fxe6
e4 29.Bxe4 dxe4 30.Rd7+ Be7 31.Rg1+ Kh8 32.Qg3 Qg6 33.Qxg6 hxg6 34.Rxe7 
Rf2 35.Rf7 Rxh2 36.e7 Kg8 37.Rgf1 Rh8 38.Rf8+ Kg7 39.R1f7+ 1-0

[Event "USA-ch"]
[Site "Durango CO, USA"]
[Date "1992.??.??"]
[Round "7"]
[White "Seirawan, Yasser"]
[Black "Fedorowicz, John"]
[Result "1-0"]
[WhiteElo "2605"]
[BlackElo "2560"]
[EventDate "1992.12.??"]
[PlyCount "161"]

1.d4 Nf6 2.c4 g6 3.Nc3 d5 4.cxd5 Nxd5 5.e4 Nxc3 6.bxc3 Bg7 7.Be3 c5 8.Qd2 
Qa5 9.Rc1 O-O 10.Nf3 Rd8 11.d5 e6 12.c4 Qxd2+ 13.Nxd2 b6 14.Be2 Na6 15.O-O
Nb4 16.a3 Na2 17.Rce1 Nc3 18.Bf3 exd5 19.exd5 Bf5 20.Bg5 Rd7 21.Re7 f6 22.
Rxd7 Bxd7 23.Be3 Re8 24.Re1 Ba4 25.Nb1 f5 26.Nxc3 Bxc3 27.Rc1 Bb2 28.Rb1 
Be5 29.Bd1 Bd7 30.g3 Kf7 31.a4 Bc3 32.Bc2 Kf6 33.h4 h5 34.Kg2 Bb4 35.Kf3 
Bc3 36.Rb3 Bb4 37.Bg5+ Kf7 38.Re3 a6 39.Rxe8 Kxe8 40.Bf6 b5 41.axb5 axb5 
42.Bd3 bxc4 43.Bxc4 Ba5 44.Bg5 Bb4 45.Bc1 Ke7 46.Bg5+ Kd6 47.Bf4+ Ke7 48.
Ke3 Bc3 49.Kd3 Bd4 50.f3 Kf6 51.Ba6 Bf2 52.Kc4 Ke7 53.Bb7 Ba4 54.Bc6 Bxc6 
55.dxc6 Kd8 56.Bd6 Kc8 57.Kb5 Kd8 58.Kb6 Kc8 59.Kb5 Kd8 60.Kc4 Kc8 61.Kd5 
Kd8 62.Be5 Kc8 63.Ke6 c4 64.Kf7 Be1 65.Kxg6 c3 66.Kxh5 c2 67.Bb2 Bxg3 68.
Kg5 Be5 69.Bc1 f4 70.Kf5 Bg7 71.h5 Kc7 72.Bxf4+ Kxc6 73.h6 Bb2 74.h7 Kd5 
75.Bd2 Kc4 76.Ke4 Bf6 77.Bc1 Bd4 78.f4 Bc3 79.Kf5 Kd3 80.Ke6 Bd2 81.Ba3 
1-0

[Event "USA-ch"]
[Site "Durango CO, USA"]
[Date "1992.??.??"]
[Round "8"]
[White "Fedorowicz, John"]
[Black "Ivanov, Alexander"]
[Result "1-0"]
[WhiteElo "2560"]
[BlackElo "2545"]
[EventDate "1992.12.??"]
[PlyCount "99"]

1.Nf3 Nf6 2.c4 b6 3.g3 c5 4.Bg2 Bb7 5.O-O g6 6.e3 Bg7 7.d4 O-O 8.Nc3 Ne4 
9.Ne2 cxd4 10.exd4 d5 11.cxd5 Nf6 12.Bg5 Nxd5 13.Qd2 Nc6 14.Bh6 e6 15.Rfe1
Rc8 16.Rac1 Qd6 17.Bxg7 Kxg7 18.h4 Na5 19.Ne5 Nf6 20.Bxb7 Nxb7 21.Nf4 Rxc1
22.Rxc1 Rd8 23.Rd1 Nc5 24.h5 Nce4 25.Qe3 Rc8 26.h6+ Kf8 27.Ne2 Qb4 28.Rc1 
Rxc1+ 29.Qxc1 Qd2 30.Qxd2 Nxd2 31.f3 Nd5 32.Kf2 f6 33.Ke1 fxe5 34.Kxd2 
exd4 35.Nxd4 Kf7 36.Nc6 a6 37.Kd3 g5 38.Ne5+ Kf6 39.Kd4 Ne7 40.g4 b5 41.
Nd7+ Kg6 42.Nb8 Kxh6 43.Nxa6 Nc6+ 44.Ke4 Kg6 45.Nc7 b4 46.Nxe6 Kf6 47.Nd4 
Ne5 48.b3 Nd7 49.Nc6 Nc5+ 50.Kd4 1-0

[Event "USA-ch"]
[Site "Durango CO, USA"]
[Date "1992.??.??"]
[Round "8"]
[White "Gurevich, Dmitry"]
[Black "Benjamin, Joel"]
[Result "1-0"]
[WhiteElo "2490"]
[BlackElo "2570"]
[EventDate "1992.12.??"]
[PlyCount "73"]

1.d4 Nf6 2.c4 g6 3.Nc3 d5 4.cxd5 Nxd5 5.e4 Nxc3 6.bxc3 Bg7 7.Bb5+ c6 8.Ba4
O-O 9.Ne2 e5 10.O-O Nd7 11.Be3 Qe7 12.Qc2 b5 13.Bb3 Bb7 14.a4 a6 15.Rab1 
Rac8 16.f3 Ba8 17.Qa2 exd4 18.cxd4 c5 19.axb5 axb5 20.dxc5 Nxc5 21.Qa3 Qe5
22.Ba2 Na4 23.Rfc1 Rxc1+ 24.Rxc1 Qb8 25.Qb3 Kh8 26.Qb4 Be5 27.g3 Bd6 28.
Bd4+ Kg8 29.Qb3 Qb7 30.Qe3 Rd8 31.Qg5 Qe7 32.Bf6 Qa7+ 33.Kg2 Re8 34.Qxb5 
Rb8 35.Qd3 Bf8 36.Be5 Re8 37.Rc7 1-0

[Event "USA-ch"]
[Site "Durango CO, USA"]
[Date "1992.??.??"]
[Round "8"]
[White "Sherzer, Alex"]
[Black "Ivanov, Igor"]
[Result "1-0"]
[WhiteElo "2460"]
[BlackElo "2510"]
[EventDate "1992.12.??"]
[PlyCount "109"]

1.e4 c6 2.d4 d5 3.Nc3 g6 4.h3 Bg7 5.Nf3 dxe4 6.Nxe4 Bf5 7.Ng3 Nf6 8.Nxf5 
gxf5 9.Bd3 e6 10.Qe2 c5 11.Bxf5 cxd4 12.O-O Nc6 13.Re1 O-O 14.Bd3 Nb4 15.
Bg5 Rc8 16.Rad1 Qd5 17.Ne5 Nd7 18.Nxd7 Qxd7 19.c3 Qd5 20.cxb4 Qxg5 21.Qe4 
Rfe8 22.Qxh7+ Kf8 23.Qe4 Rc7 24.h4 Qf6 25.Rc1 Rec8 26.Rxc7 Rxc7 27.g3 Qe7 
28.a3 Qd6 29.Kg2 Qc6 30.Qxc6 Rxc6 31.f4 f5 32.b5 Rd6 33.Rc1 Ke7 34.Kf3 Rd7
35.a4 Kd6 36.Rc8 Bf6 37.b3 Rc7 38.Rxc7 Kxc7 39.h5 Kd6 40.h6 Ke7 41.b6 axb6
42.g4 fxg4+ 43.Kxg4 Kf7 44.f5 exf5+ 45.Kxf5 Bh8 46.Bc4+ Kf8 47.Kg6 Be5 48.
h7 Bh8 49.b4 Ke7 50.Bd3 Ke6 51.Be4 Ke5 52.Bxb7 d3 53.Kf7 Kd4 54.Bf3 Kc4 
55.b5 1-0

[Event "USA-ch"]
[Site "Durango CO, USA"]
[Date "1992.??.??"]
[Round "8"]
[White "Shirazi, Kamran"]
[Black "Gurevich, Ilya"]
[Result "0-1"]
[WhiteElo "2450"]
[BlackElo "2510"]
[EventDate "1992.12.??"]
[PlyCount "82"]

1.c4 e5 2.g3 Nf6 3.Bg2 c6 4.Nf3 e4 5.Nd4 d5 6.cxd5 Qxd5 7.Nc2 Qh5 8.h3 Qg6
9.Nc3 Bd6 10.b3 O-O 11.Ba3 Bxa3 12.Nxa3 Na6 13.Nc4 Bf5 14.Nd6 Rad8 15.Nxb7
Rd7 16.Na5 e3 17.O-O exd2 18.e3 Bc2 19.Qf3 Qd3 20.Nd1 Qb5 21.Qxc6 Qxa5 22.
Qxc2 Rc7 23.Qb2 Rfc8 24.a3 Rc1 25.Ra2 Rd8 26.b4 Qb5 27.Ra1 Qc4 28.e4 Nxe4 
29.Bxe4 Rxa1 30.Bxh7+ Kxh7 31.Qxa1 Nc7 32.Ne3 Qd3 33.Qb1 Qxb1 34.Rxb1 Nb5 
35.Nd1 Re8 36.Kg2 Re1 37.Kf3 Nxa3 38.Ra1 Nc2 39.Rb1 Nd4+ 40.Kg2 Nb5 41.Kf3
Nc3 0-1

[Event "USA-ch"]
[Site "Durango CO, USA"]
[Date "1992.??.??"]
[Round "8"]
[White "Wolff, Patrick"]
[Black "Seirawan, Yasser"]
[Result "1/2-1/2"]
[WhiteElo "2590"]
[BlackElo "2605"]
[EventDate "1992.12.??"]
[PlyCount "41"]

1.e4 c6 2.d4 d5 3.Nc3 dxe4 4.Nxe4 Bf5 5.Ng3 Bg6 6.h4 h6 7.Nf3 Nd7 8.h5 Bh7
9.Bd3 Bxd3 10.Qxd3 e6 11.Bf4 Qa5+ 12.Bd2 Qc7 13.O-O-O Ngf6 14.Ne4 Bd6 15.
Nxd6+ Qxd6 16.Qe2 b5 17.Kb1 Qd5 18.Rh4 a5 19.Ne5 b4 20.f4 a4 21.Be1 
1/2-1/2

[Event "USA-ch"]
[Site "Durango CO, USA"]
[Date "1992.??.??"]
[Round "8"]
[White "Yermolinsky, Alexander"]
[Black "Browne, Walter Shawn"]
[Result "1-0"]
[WhiteElo "2615"]
[BlackElo "2515"]
[EventDate "1992.12.??"]
[PlyCount "102"]

1.e4 c5 2.Nf3 d6 3.d4 cxd4 4.Nxd4 Nf6 5.Nc3 a6 6.Bg5 e6 7.f4 Nc6 8.Nxc6 
bxc6 9.e5 h6 10.Bh4 g5 11.fxg5 Nd5 12.Nxd5 exd5 13.Qe2 hxg5 14.Bg3 Qa5+ 
15.Qd2 Qxd2+ 16.Kxd2 Be6 17.Bd3 Kd7 18.Rae1 Bg7 19.h3 dxe5 20.Bxe5 Bxe5 
21.Rxe5 Rhg8 22.g3 Kd6 23.Ree1 Rh8 24.h4 gxh4 25.gxh4 Rh6 26.Ref1 Ke5 27.
Re1+ Kd6 28.Ref1 Ke5 29.h5 a5 30.Be2 Rb8 31.b3 Rb4 32.a4 Rd4+ 33.Kc3 c5 
34.Bf3 Rf4 35.Kd2 d4 36.Be2 Re4 37.Rhg1 Rh8 38.Rg5+ Kd6 39.Rh1 Re5 40.Rg7 
Ke7 41.h6 Kf8 42.Rg3 Rh7 43.Bd3 f5 44.Rg6 Rh8 45.h7 Ke7 46.Rhh6 Bf7 47.Ra6
Re6 48.Bxf5 Rxh6 49.Rxh6 c4 50.bxc4 Bxc4 51.Bd3 Be6 1-0

[Event "USA-ch"]
[Site "Durango CO, USA"]
[Date "1992.??.??"]
[Round "9"]
[White "Browne, Walter Shawn"]
[Black "Gurevich, Dmitry"]
[Result "1-0"]
[WhiteElo "2515"]
[BlackElo "2490"]
[EventDate "1992.12.??"]
[PlyCount "83"]

1.d4 f5 2.g3 Nf6 3.Bg2 e6 4.c4 d5 5.Nf3 c6 6.O-O Bd6 7.b3 Qe7 8.Bb2 b6 9.
Ne5 Bb7 10.Nd2 O-O 11.Rc1 a5 12.Ndf3 Na6 13.Qd3 Nb4 14.Qb1 Ne4 15.Nd3 Rac8
16.Rfd1 c5 17.dxc5 bxc5 18.cxd5 exd5 19.a3 Nxd3 20.exd3 Nf6 21.Re1 Qd7 22.
Bc3 d4 23.Bxa5 f4 24.b4 fxg3 25.fxg3 Qg4 26.bxc5 Bxg3 27.Qxb7 Bxe1 28.Rxe1
Rb8 29.Ne5 Qg5 30.Qf3 h5 31.Qg3 Ng4 32.h3 Rb2 33.hxg4 h4 34.Nf3 Qxc5 35.
Qxh4 Qxa5 36.Ng5 Rxg2+ 37.Kxg2 Qd5+ 38.Kg1 Rf4 39.Qh7+ Kf8 40.Qh8+ Qg8 41.
Ne6+ Kf7 42.Qxg8+ 1-0

[Event "USA-ch"]
[Site "Durango CO, USA"]
[Date "1992.??.??"]
[Round "9"]
[White "Gulko, Boris"]
[Black "Fedorowicz, John"]
[Result "1-0"]
[WhiteElo "2610"]
[BlackElo "2560"]
[EventDate "1992.12.??"]
[PlyCount "101"]

1.d4 Nf6 2.c4 g6 3.Nc3 Bg7 4.e4 d6 5.h3 O-O 6.Bg5 Nbd7 7.Nf3 e5 8.d5 h6 9.
Be3 Nc5 10.Nd2 a5 11.Be2 Bd7 12.O-O c6 13.Rb1 Qe8 14.b4 cxd5 15.cxd5 Na4 
16.Qb3 axb4 17.Qxb4 Nxc3 18.Qxc3 Rxa2 19.Rxb7 Qa8 20.Rfb1 Rc8 21.Qb4 Bf8 
22.Rb8 Rxb8 23.Qxb8 Kg7 24.Qxa8 Rxa8 25.g4 Ra2 26.Rb7 Rc2 27.f3 Bc8 28.Ra7
Ne8 29.Bb5 Nf6 30.Nc4 Rc3 31.Kf2 Rc2+ 32.Kf1 h5 33.Rc7 Bd7 34.Bxd7 Nxd7 
35.gxh5 gxh5 36.Nxd6 Rxc7 37.Ne8+ Kg6 38.Nxc7 f5 39.Ne6 Bd6 40.Ke2 Nf6 41.
Kd3 Kf7 42.Bg5 fxe4+ 43.fxe4 Ne8 44.Bh4 Be7 45.Be1 Bf6 46.Bb4 Be7 47.Ba5 
Bf6 48.Nc5 Ke7 49.Bb4 Kd8 50.Nb7+ Kc7 51.Na5 1-0

[Event "USA-ch"]
[Site "Durango CO, USA"]
[Date "1992.??.??"]
[Round "9"]
[White "Ivanov, Alexander"]
[Black "Wolff, Patrick"]
[Result "0-1"]
[WhiteElo "2545"]
[BlackElo "2590"]
[EventDate "1992.12.??"]
[PlyCount "69"]

1.e4 c6 2.d4 d5 3.e5 Bf5 4.h4 h5 5.c4 e6 6.Nc3 Nd7 7.Bg5 Qb6 8.Qd2 Ne7 9.
Nf3 Ng6 10.cxd5 cxd5 11.Rc1 Bb4 12.a3 Bxc3 13.Rxc3 O-O 14.Be2 Bg4 15.Ng1 
Rfc8 16.Bxg4 hxg4 17.h5 Rxc3 18.Qxc3 Ngxe5 19.dxe5 d4 20.Qd2 Qc6 21.Kf1 
Nxe5 22.Ne2 d3 23.Nc3 Nc4 24.Qxd3 Nxb2 25.Qc2 Nc4 26.h6 f5 27.hxg7 Kxg7 
28.Bc1 Rd8 29.Kg1 Qd6 30.Qe2 Rc8 31.Nd1 e5 32.f3 g3 33.Ne3 Nxe3 34.Bxe3 f4
35.Bxf4 0-1

[Event "USA-ch"]
[Site "Durango CO, USA"]
[Date "1992.??.??"]
[Round "9"]
[White "Rachels, Stuart"]
[Black "Ivanov, Igor"]
[Result "1-0"]
[WhiteElo "2485"]
[BlackElo "2510"]
[EventDate "1992.12.??"]
[PlyCount "99"]

1.e4 c5 2.Nf3 e6 3.d4 cxd4 4.Nxd4 Nc6 5.Nc3 d6 6.Be2 Nxd4 7.Qxd4 Ne7 8.Bg5
a6 9.O-O-O Nc6 10.Qe3 Qa5 11.Bc4 h6 12.Bh4 g5 13.Bg3 Ne5 14.Bb3 Bd7 15.h4 
Rg8 16.hxg5 hxg5 17.Rh7 Rc8 18.Kb1 Rxc3 19.bxc3 Bc6 20.f3 Be7 21.Qa7 Rf8 
22.c4 Nd7 23.Bxd6 Bxd6 24.Rxd6 Nc5 25.Rxc6 bxc6 26.Qa8+ Ke7 27.Qa7+ Kf6 
28.Rh6+ Kg7 29.Rh1 Re8 30.Rh7+ Kxh7 31.Qxf7+ Kh6 32.Qxe8 Qb6 33.Qh8+ Kg6 
34.Qg8+ Kf6 35.e5+ Kf5 36.Qg7 Qd8 37.g4+ Kf4 38.Qf7+ Kxe5 39.Kb2 a5 40.
Qg7+ Kf4 41.Qf7+ Ke3 42.a4 Kd2 43.Qg7 Qd6 44.Qxg5+ Ke2 45.Qf6 Qb8 46.Ka2 
Qb4 47.Qe7 Kxf3 48.g5 Nd3 49.Qf6+ Nf4 50.g6 1-0

[Event "USA-ch"]
[Site "Durango CO, USA"]
[Date "1992.??.??"]
[Round "9"]
[White "Seirawan, Yasser"]
[Black "Shirazi, Kamran"]
[Result "1-0"]
[WhiteElo "2605"]
[BlackElo "2450"]
[EventDate "1992.12.??"]
[PlyCount "83"]

1.c4 c5 2.Nf3 g6 3.d4 cxd4 4.Nxd4 Bg7 5.e4 Nc6 6.Be3 Nh6 7.Be2 O-O 8.Qd2 
Nxd4 9.Bxd4 f6 10.Nc3 d6 11.O-O Ng4 12.Nd5 Bh6 13.f4 e5 14.Bxg4 Bxg4 15.
Be3 Bg7 16.f5 g5 17.a4 Bh5 18.a5 Rf7 19.b3 Rd7 20.Qf2 Qb8 21.Nc3 Be8 22.
Nb5 b6 23.axb6 axb6 24.Qd2 Bf7 25.Qd3 Rxa1 26.Rxa1 Bf8 27.Qd2 Rb7 28.h4 h6
29.Nc3 Be7 30.Ra6 Kg7 31.Qa2 Qc7 32.Qa4 d5 33.Nb5 Qd7 34.cxd5 Be8 35.Na7 
Qxa4 36.bxa4 b5 37.axb5 Bxb5 38.Nxb5 Rxb5 39.d6 Bd8 40.Ra8 Bb6 41.Bxb6 
Rxb6 42.d7 1-0

[Event "USA-ch"]
[Site "Durango CO, USA"]
[Date "1992.??.??"]
[Round "9"]
[White "Yermolinsky, Alexander"]
[Black "Sherzer, Alex"]
[Result "0-1"]
[WhiteElo "2615"]
[BlackElo "2460"]
[EventDate "1992.12.??"]
[PlyCount "100"]

1.d4 Nf6 2.c4 g6 3.Nc3 Bg7 4.e4 d6 5.h3 O-O 6.Bg5 c5 7.d5 e6 8.Bd3 exd5 9.
cxd5 h6 10.Be3 Re8 11.Nge2 Nbd7 12.Ng3 a6 13.a4 Ne5 14.Be2 Nh7 15.O-O Qh4 
16.Nh1 Ng5 17.f4 Nxh3+ 18.gxh3 Qxh3 19.Qd2 Ng4 20.Bxg4 Qxg4+ 21.Qg2 Qxg2+ 
22.Kxg2 Bxc3 23.bxc3 Rxe4 24.Kf2 b6 25.Ng3 Rc4 26.Rh1 h5 27.Nxh5 gxh5 28.
Rxh5 Kg7 29.f5 Kf6 30.Ke2 Bb7 31.Kd3 Rg4 32.c4 b5 33.Re1 bxc4+ 34.Kc3 Bxd5
35.Rh6+ Kxf5 36.Rxd6 Be6 37.Bxc5 Rb8 38.Bb6 Rg3+ 39.Kc2 Rh8 40.Re2 Rhh3 
41.a5 Rc3+ 42.Kb2 Rb3+ 43.Kc2 c3 44.Rf2+ Kg5 45.Rd1 Ra3 46.Rg1+ Kh5 47.
Rgf1 Bb3+ 48.Kb1 c2+ 49.Kc1 Ra1+ 50.Kb2 Rd1 0-1

[Event "USA-ch"]
[Site "Durango CO, USA"]
[Date "1992.??.??"]
[Round "10"]
[White "Dzindzichashvili, Roman"]
[Black "Seirawan, Yasser"]
[Result "1/2-1/2"]
[WhiteElo "2565"]
[BlackElo "2605"]
[EventDate "1992.12.??"]
[PlyCount "23"]

1.e4 e5 2.Nf3 Nc6 3.d4 exd4 4.Nxd4 Nf6 5.Nc3 Bb4 6.Nxc6 bxc6 7.Bd3 O-O 8.
O-O d5 9.exd5 cxd5 10.Bg5 Be6 11.Qf3 Be7 12.Rfe1 1/2-1/2

[Event "USA-ch"]
[Site "Durango CO, USA"]
[Date "1992.??.??"]
[Round "10"]
[White "Fedorowicz, John"]
[Black "Benjamin, Joel"]
[Result "1/2-1/2"]
[WhiteElo "2560"]
[BlackElo "2570"]
[EventDate "1992.12.??"]
[PlyCount "21"]

1.b3 d6 2.Bb2 e5 3.e4 Nf6 4.Nc3 Be7 5.d4 Nc6 6.dxe5 Nxe5 7.Qd2 O-O 8.O-O-O
a5 9.a4 c6 10.f4 Ned7 11.Ba3 1/2-1/2

[Event "USA-ch"]
[Site "Durango CO, USA"]
[Date "1992.??.??"]
[Round "10"]
[White "Gurevich, Dmitry"]
[Black "Yermolinsky, Alexander"]
[Result "0-1"]
[WhiteElo "2490"]
[BlackElo "2615"]
[EventDate "1992.12.??"]
[PlyCount "132"]

1.Nf3 Nf6 2.c4 g6 3.Nc3 Bg7 4.e4 d6 5.d4 O-O 6.Be2 e5 7.d5 a5 8.Bg5 h6 9.
Bh4 Na6 10.Nd2 Qe8 11.a3 Bd7 12.b3 Nh7 13.O-O h5 14.f3 Bh6 15.Ra2 Be3+ 16.
Kh1 Kg7 17.Qb1 f5 18.exf5 gxf5 19.b4 Qg6 20.Nd1 Qh6 21.Nb3 axb4 22.Nxe3 
Qxe3 23.Bf2 Qg5 24.axb4 Nxb4 25.Rxa8 Rxa8 26.Nd4 exd4 27.Bxd4+ Kf7 28.f4 
Qh6 29.Qxb4 b6 30.Bb2 Nf6 31.Qc3 Ne4 32.Qd4 h4 33.Kg1 Ra2 34.Ra1 Rxa1+ 35.
Bxa1 Ke7 36.Qe3 Kd8 37.Bf3 Kc8 38.Bd4 Kb7 39.h3 Qg6 40.Qe1 Qh6 41.Qe3 Qg6 
42.Bd1 Qh7 43.Bb2 Qg6 44.Bc2 c5 45.dxc6+ Bxc6 46.Bd3 Nc5 47.Qe7+ Ka6 48.
Bf1 Qg3 49.Bf6 Ne4 50.Bxh4 Qe3+ 51.Kh2 Qxf4+ 52.Kg1 Qe3+ 53.Kh2 Ng3 54.Be2
Qxe7 55.Bxe7 Nxe2 56.Bxd6 Kb7 57.Be5 f4 58.h4 Be8 59.Kh3 Bh5 60.Bf6 Kc6 
61.Be5 Kc5 62.Bc7 f3 63.gxf3 Bxf3 64.Bd8 Bh5 65.Kg2 Nf4+ 66.Kf2 Ne6 0-1

[Event "USA-ch"]
[Site "Durango CO, USA"]
[Date "1992.??.??"]
[Round "10"]
[White "Sherzer, Alex"]
[Black "Rachels, Stuart"]
[Result "1-0"]
[WhiteElo "2460"]
[BlackElo "2485"]
[EventDate "1992.12.??"]
[PlyCount "75"]

1.e4 c5 2.Nf3 Nc6 3.d4 cxd4 4.Nxd4 Nf6 5.Nc3 d6 6.Bg5 e6 7.Qd2 Be7 8.O-O-O
Nxd4 9.Qxd4 O-O 10.f4 Qa5 11.Bc4 Bd7 12.e5 dxe5 13.fxe5 Bc6 14.Bd2 Nd7 15.
Nd5 Qd8 16.Nxe7+ Qxe7 17.Rhe1 Rfd8 18.Qg4 Nf8 19.h4 Qc5 20.Bc3 h5 21.Qe2 
Bxg2 22.Rxd8 Rxd8 23.Bd3 Bh3 24.Qxh5 f5 25.Qf3 Bg4 26.Qxb7 Qf2 27.b3 Rxd3 
28.cxd3 Qxa2 29.Qb8 a5 30.Bd4 Qa3+ 31.Kc2 a4 32.Ra1 axb3+ 33.Kd2 Qe7 34.
Ra7 Qxh4 35.Bc5 Qg5+ 36.Kc3 b2 37.Qxf8+ Kh7 38.Be3 1-0

[Event "USA-ch"]
[Site "Durango CO, USA"]
[Date "1992.??.??"]
[Round "10"]
[White "Shirazi, Kamran"]
[Black "Ivanov, Alexander"]
[Result "0-1"]
[WhiteElo "2450"]
[BlackElo "2545"]
[EventDate "1992.12.??"]
[PlyCount "74"]

1.c4 g6 2.Nc3 Bg7 3.d4 c5 4.d5 d6 5.e4 e6 6.Bd3 Nf6 7.Nf3 exd5 8.exd5 Bg4 
9.h3 Bxf3 10.Qxf3 O-O 11.O-O Nbd7 12.Qd1 Ne8 13.Qc2 Ne5 14.Be2 f5 15.f4 
Nd7 16.Bd2 a6 17.Rae1 Bd4+ 18.Kh2 Nc7 19.b3 Qf6 20.g4 Qh4 21.g5 h6 22.Rg1 
Bxg1+ 23.Rxg1 hxg5 24.Rxg5 Kh7 25.Bh5 gxh5 26.Ne4 Ne5 27.Qd1 Ng4+ 28.Kg2 
fxe4 29.hxg4 hxg4 30.Qe2 Qh3+ 31.Kg1 Qg3+ 32.Kh1 Qf3+ 33.Qxf3 gxf3 34.f5 
Ne8 35.Bc3 Nf6 36.Rg6 f2 37.Kg2 Nh5 0-1

[Event "USA-ch"]
[Site "Durango CO, USA"]
[Date "1992.??.??"]
[Round "10"]
[White "Wolff, Patrick"]
[Black "Gulko, Boris"]
[Result "0-1"]
[WhiteElo "2590"]
[BlackElo "2610"]
[EventDate "1992.12.??"]
[PlyCount "106"]

1.e4 e6 2.d4 d5 3.Nd2 c5 4.Ngf3 cxd4 5.exd5 Qxd5 6.Bc4 Qd6 7.O-O Nf6 8.Nb3
Nc6 9.Nbxd4 Nxd4 10.Nxd4 a6 11.Bb3 Qc7 12.Re1 Bd6 13.Nf5 Bxh2+ 14.Kh1 O-O 
15.Nxg7 Rd8 16.Qf3 Kxg7 17.g3 b5 18.Kxh2 Bb7 19.Qf4 Qc6 20.Rg1 Rd1 21.Be3 
Rxa1 22.Qh6+ Kg8 23.Qg5+ Kf8 24.Qc5+ Ke8 25.Qxc6+ Bxc6 26.Rxa1 Ng4+ 27.Kh3
Nxe3 28.fxe3 Rd8 29.a4 b4 30.Bc4 a5 31.Bb5 Rc8 32.Bd3 Ke7 33.g4 Rg8 34.Kh4
h6 35.Rf1 Rg5 36.b3 Re5 37.Re1 f6 38.Kg3 h5 39.gxh5 Rxh5 40.e4 Kd6 41.Kf4 
Kc5 42.e5 f5 43.Bc4 Rh4+ 44.Kg5 Rxc4 45.bxc4 Kxc4 46.Rd1 Bxa4 47.Rd6 Bxc2 
48.Rxe6 Ba4 49.Ra6 Kb5 50.Ra8 b3 51.e6 Kb4 52.Rb8+ Ka3 53.Kxf5 b2 0-1